000 00658nam a2200241Ia 4500
003 OSt
005 20220926014655.0
006 a|||||r|||| 00| 0
007 ta
008 220923b |||||||| |||| 00| 0 eng d
037 _cGeneral Book
040 _aRTL
_cRTL
_beng
041 _2eng
_aeng
082 _aD854, L2
100 _aBach Wilfrid
_9265217
245 0 _aAtmospheric pollution
260 _aNew York
_bMcGraw-Hill U S A
_c1972
300 _axiii,144p.
_ccm.
490 _aMcGraw Hill Problems Series In Geography
650 _aComputer Science
942 _hD854, L2
_cGB
_2CC
999 _c629578
_d629578